000 00324nam a22000977a 4500
999 _c516541
_d516541
082 _aTNC T111 H617/7
100 _aHirschman, Albert O.
_923062
245 _aThe passions and the interests :
_bPolitical arguments for capitalism before its Triumph
_cby Albert O. Hirschman
260 _aNew Jersey
_bP.U.P.
_c1977
300 _a153p.